| 000 | 00345nam a2200133Ia 4500 | ||
|---|---|---|---|
| 008 | 231129s1982||||xx |||||||||||||| ||spa|| | ||
| 040 | _bspa | ||
| 082 | _a616.8914 R575t | ||
| 100 | _aRimm David C. | ||
| 245 | 0 | _aTerapia de la conducta: Técnicas y hallazgos empíricos | |
| 260 | _c1982 | ||
| 264 | _aMéxico : Trillas | ||
| 942 |
_2ddc _cBKS |
||
| 999 |
_c25274 _d25274 |
||